000 01816nam a22003497a 4500
001 18520
003 CO-MdFUSB
005 20240531062738.0
008 170425t2003 s ||||| |||| 00| 0 s d
020 _a84-414-1337-1
040 _aCO-MdFUSB
_bspa
_cCO-MdFUSB
_dCO-MdFUSBC
_erda
041 _aspa
082 0 4 _aG 211.8092 I99f
100 1 _aIzquierdo, Agustín
_eautor
245 1 3 _aLa filosofía contra la religión
_b: ideas sobre el ateísmo
_c/ Agustín Izquierdo
250 _a2
260 _a
264 4 _aMadrid :
_bEDAF,
_c©2003
300 _a186 p.
336 _2rdacontent
_a1
_ba1
337 _2rdamedia
_a2
_b5
338 _2rdacarrier
_a2
_b5
501 _aRústico
505 0 0 _aAteos clandestinos: Henri de Boulainvilliers: dudas sobre la religión, análisis del tratado teológico-político -- Bonoít de Maillet: opiniones de los filosofos sobre la naturaleza del alma-- Tratado de los tres impostores -- Cesar Chesneau Du Marsais: carta de trasíbulo a Leucipa -- Nicólas Fréret -- Tratado de los dos impostores -- Paridad de la vida y la muerte -- Jean Meslier \ Ateos públicos del siglo XVIII -- Julie Offrai de la Mettrie: el hombre máquina -- Denis Diderot: pensamientos filosóficos ... \ Ateos hegelianos -- Ludwig Feuerbach: la esencia del cristianismo -- Karl Marx: diferencia de la filosofía de la naturaleza en Demócrito y Epicuro -- Maz Stierner: el único y su propiedad \ Ateos solitarios: Schopenhauer: sobre la religión -- Fiederich Nietzsche: la voluntad del poder, la genealogía de la moral, el anticristo
650 7 _aFilosofía y religión
_2
_9198
650 7 _aCristianismo
_2
_922
650 7 _aReligión
_9385
650 7 _aIlustración (Movimiento intelectual)
_9196
653 _aCristianismo y ateísmo
653 _aFilósofos
942 _cBK
999 _c44939
_d44939